000 00387nam a2200169Ia 4500
003 0STCL
008 150530s9999 xx 000 0 und d
040 _aSTCL
_cSTCL
100 _aOscar Wilde
245 _aLord Arthur Saviles crime and other stories
250 _aTwentieth
260 _c1925
546 _aEnglish
942 _2ddc
_cBK
999 _c45683
_d45683
005 20220125170655.0